| 000 | 00572nam a22001937a 4500 | ||
|---|---|---|---|
| 003 | OSt | ||
| 005 | 20260129060235.0 | ||
| 008 | 260129b |||||||| |||| 00| 0 eng d | ||
| 020 | _a978-1-89395-63-1 | ||
| 040 |
_aDWCL-Main Lib _cOC |
||
| 082 | _aGR. 030 T552 2009 | ||
| 100 | _aTIballs, Geoff | ||
| 245 | _aRipley's believe it or not! : enter if you dare | ||
| 260 |
_aNew York : _bRipley, Entertainment, _cc2009. |
||
| 300 |
_a254 p. : _bill. 9chiefly colored) ; _c30 cm. |
||
| 504 | _aIncludes index. | ||
| 650 | _aCuriosities and wonders | ||
| 942 |
_2ddc _cGR _mGR. _n0 |
||
| 999 |
_c7980 _d7980 |
||